<?xml version="1.0" encoding="UTF-8"?>
<record
    xmlns:xsi="http://www.w3.org/2001/XMLSchema-instance"
    xsi:schemaLocation="http://www.loc.gov/MARC21/slim http://www.loc.gov/standards/marcxml/schema/MARC21slim.xsd"
    xmlns="http://www.loc.gov/MARC21/slim">

  <leader>01602nam a22001817a 4500</leader>
  <controlfield tag="003">IT-RoPau</controlfield>
  <controlfield tag="005">20220918175936.0</controlfield>
  <controlfield tag="008">121207b        xxu||||| |||| 00| 0 eng d</controlfield>
  <datafield tag="040" ind1=" " ind2=" ">
    <subfield code="c">IT-RoPau</subfield>
  </datafield>
  <datafield tag="100" ind1=" " ind2=" ">
    <subfield code="a">Governi generali della Famiglia Paolina</subfield>
    <subfield code="9">57</subfield>
  </datafield>
  <datafield tag="245" ind1=" " ind2=" ">
    <subfield code="a">La Famiglia Paolina in cammino verso il 2000</subfield>
    <subfield code="b">Fissando lo sguardo su Ges&#xF9;, il Maestro. Lo Spirito Santo nella vita e nella missione di Don Alberione XV e XVI incontro dei Governi Generali della Famiglia Paolina (Ariccia,13 -19 gennaio 1997 e 12-18 gennaio 1998)  </subfield>
  </datafield>
  <datafield tag="250" ind1=" " ind2=" ">
    <subfield code="a">I</subfield>
  </datafield>
  <datafield tag="260" ind1=" " ind2=" ">
    <subfield code="a">Roma</subfield>
    <subfield code="b">SSP</subfield>
    <subfield code="c">1998</subfield>
  </datafield>
  <datafield tag="300" ind1=" " ind2=" ">
    <subfield code="a">67 p.</subfield>
    <subfield code="c">21,2 cm</subfield>
  </datafield>
  <datafield tag="490" ind1=" " ind2=" ">
    <subfield code="a">Edizioni Archivio Storico Generale della Famiglia Paolina</subfield>
    <subfield code="v">I</subfield>
  </datafield>
  <datafield tag="520" ind1=" " ind2=" ">
    <subfield code="a">INDICE

Presentazione

XV INCONTRO DE GOVERNI GENERALI DELLA FAMIGLIA PAOLINA  Ariccia, Casa Divin Maestro 13-19 gennaio 1997

LA FAMIGLIA PAOLINA IN CAMMINO VERSO IL 2000
     FISSANDO LO SGUARDO SU GESU', IL MAESTRO

I. CRONISTORIA DEL SEMINARIO SU GESU', IL MAESTRO
    ( Te&#xF2;filo P&#xE8;rez, SSP.)

II. MESSAGGIO FINALE

XVI INCONTRO DEI GOVERNI GENERALI DELLA FAMIGLIA PAOLINA
  Ariccia, Casa Divin Maestro,12-18 Gennaio 1988

LO SPIRITO SANTO NELLA VITA E NELLA MISSIONE DI DON ALBERIONE

DON GIACOMO ALBERIONE, UOMO DELLO SPIRITO ( Fabio Ciardi, OMI)

I - Lo Spirito di rivelazione
II. - Lo Spirito di profezia
III. - Lo Spirito di santificazione
Conclusione

DON ALBERIONE, "PROTESO IN AVANTI" [Fl 3,13] ( Silvio Sassi, SSP)

0. Introduzione
1. Testimonianze
2. Elementi del carisma di Don Alberione
3. Fedelt&#xE0; creativa
4. "Prepararsi a fare qualcosa"

MESSAGGIO FINALE    
</subfield>
  </datafield>
  <datafield tag="942" ind1=" " ind2=" ">
    <subfield code="2">ddc</subfield>
    <subfield code="c">BK</subfield>
  </datafield>
  <datafield tag="999" ind1=" " ind2=" ">
    <subfield code="c">37627</subfield>
    <subfield code="d">37627</subfield>
  </datafield>
  <datafield tag="952" ind1=" " ind2=" ">
    <subfield code="0">0</subfield>
    <subfield code="1">0</subfield>
    <subfield code="2">ddc</subfield>
    <subfield code="4">0</subfield>
    <subfield code="6">P_C2</subfield>
    <subfield code="7">1</subfield>
    <subfield code="a">PAULUS</subfield>
    <subfield code="b">PAULUS</subfield>
    <subfield code="d">2012-12-07</subfield>
    <subfield code="l">0</subfield>
    <subfield code="o">P C2</subfield>
    <subfield code="r">2012-12-07 00:00:00</subfield>
    <subfield code="w">2012-12-07</subfield>
    <subfield code="y">BK</subfield>
  </datafield>
  <datafield tag="952" ind1=" " ind2=" ">
    <subfield code="0">0</subfield>
    <subfield code="1">0</subfield>
    <subfield code="2">ddc</subfield>
    <subfield code="4">0</subfield>
    <subfield code="6">P_C2</subfield>
    <subfield code="7">1</subfield>
    <subfield code="a">PAULUS</subfield>
    <subfield code="b">PAULUS</subfield>
    <subfield code="d">2013-02-18</subfield>
    <subfield code="l">0</subfield>
    <subfield code="o">P C2</subfield>
    <subfield code="r">2013-02-18 00:00:00</subfield>
    <subfield code="w">2013-02-18</subfield>
    <subfield code="y">BK</subfield>
  </datafield>
  <datafield tag="952" ind1=" " ind2=" ">
    <subfield code="0">0</subfield>
    <subfield code="1">0</subfield>
    <subfield code="2">ddc</subfield>
    <subfield code="4">0</subfield>
    <subfield code="6">P_C2</subfield>
    <subfield code="7">1</subfield>
    <subfield code="a">PAULUS</subfield>
    <subfield code="b">PAULUS</subfield>
    <subfield code="d">2013-02-18</subfield>
    <subfield code="l">0</subfield>
    <subfield code="o">P C2</subfield>
    <subfield code="r">2013-02-18 00:00:00</subfield>
    <subfield code="w">2013-02-18</subfield>
    <subfield code="y">BK</subfield>
  </datafield>
  <datafield tag="952" ind1=" " ind2=" ">
    <subfield code="0">0</subfield>
    <subfield code="1">0</subfield>
    <subfield code="2">ddc</subfield>
    <subfield code="4">0</subfield>
    <subfield code="6">P_C2</subfield>
    <subfield code="7">1</subfield>
    <subfield code="a">PAULUS</subfield>
    <subfield code="b">PAULUS</subfield>
    <subfield code="d">2013-02-18</subfield>
    <subfield code="l">0</subfield>
    <subfield code="o">P C2</subfield>
    <subfield code="r">2013-02-18 00:00:00</subfield>
    <subfield code="w">2013-02-18</subfield>
    <subfield code="y">BK</subfield>
  </datafield>
</record>
